| Record ID | ia:riversofgold0000edmo |
| Source | Internet Archive |
| Download MARC XML | https://archive.org/download/riversofgold0000edmo/riversofgold0000edmo_marc.xml |
| Download MARC binary | https://www.archive.org/download/riversofgold0000edmo/riversofgold0000edmo_meta.mrc |
LEADER: 00686pam a2200241 a 4500
001 91022968
003 DLC
005 20001010124057.0
008 910524r19911990nyu 000 1 eng
010 $a 91022968
020 $a0312064535 :$c$18.95
040 $aDLC$cDLC$dDLC$dOCoLC
043 $an-cn-yk
050 00 $aPR6055.D62$bR58 1991
082 00 $a823/.914$220
100 1 $aEdmonds, Janet.
245 10 $aRivers of gold /$cJanet Edmonds.
250 $a1st U.S. ed.
260 $aNew York :$bSt. Martin's Press,$c1991.
300 $a295 p. ;$c22 cm.
651 0 $aKlondike River Valley (Yukon)$xFiction.
650 0 $aGold mines and mining$xFiction.
655 7 $aAdventure stories.$2gsafd